Business without bosses : (Record no. 3038)
[ view plain ]
| 000 -LEADER | |
|---|---|
| fixed length control field | 01496cam a2200205 a 4500 |
| 020 ## - INTERNATIONAL STANDARD BOOK NUMBER | |
| ISBN | 0471577006 (cloth : acidfree paper) : |
| 050 00 - CALL NUMBER | |
| Classification number | HD66 |
| Item number | .M363 1993 |
| 100 1# - AUTHOR | |
| Personal name | Manz, Charles C. |
| 245 10 - TITLE | |
| Title | Business without bosses : |
| Remainder of title | how self-managing teams are building high-performing companies / |
| Statement of responsibility, etc | Charles C. Manz, Henry P. Sims, Jr. |
| 260 ## - PUBLICATION INFORMATION | |
| Place of publication | New York : |
| Name of publisher | Wiley, |
| Year of publication | c1993. |
| 300 ## - DESCRIPTION | |
| Number of Pages | xvi, 238 p. ; |
| Dimensions | 25 cm. |
| 500 ## - NOTES | |
| General note | Includes index |
| 505 ## - FORMATTED CONTENTS NOTE | |
| Table of Content | Introduction: Tyrannosaurus Rex: The Boss as Corporate Dinosaur --<br/>Ch. 1. On the Road to Teams: Overcoming the Middle Management Brick Wall --<br/>Ch. 2. The Day-to-Day Team Experience: Roles, Behaviors, and Performance of Mature Self-Managing Teams --<br/>Ch. 3. The Good and the Bad of Teams: A Practical Look at Successes and Challenges --<br/>Ch. 4. The Early Implementation Phase: Getting Teams Started in the Office --<br/>Ch. 5. The Illusion of Self-Management: Using Teams to Disempower --<br/>Ch. 6. Self-Management Without Formal Teams: The Organization as Team --<br/>Ch. 7. Teams and Total Quality Management: An International Application --<br/>Ch. 8. The Strategy Team: Teams at the Top --<br/>Ch. 9. Business Without Bosses Through Teams: What Have We Learned? Where Are We Going? --<br/>Appendix: How to Get What You Want from Your Job. |
| 650 #0 - SUBJECTS | |
| Topical Term | Self-directed work teams. |
| 650 #0 - SUBJECTS | |
| Topical Term | Management |
| General subdivision | Employee participation. |
| 650 #0 - SUBJECTS | |
| Topical Term | Employee motivation. |
| 650 #0 - SUBJECTS | |
| Topical Term | Industrial productivity. |
| 700 1# - OTHER AUTHORS | |
| Personal name | Sims, Henry P., |
| 942 ## - ADDED ENTRY ELEMENTS (KOHA) | |
| Koha item type | Books |
| Withdrawn status | Lost status | Collection code | Home library | Current library | Shelving location | Date acquired | Full call number | Accession Number | Koha item type |
|---|---|---|---|---|---|---|---|---|---|
| Reference | Methodist University Library Main | Methodist University Library Main | General Stacks | 02/04/2001 | HD66 .M363 1993 | 25386 | Books |